Sociálne bývanie na Slovensku – vývoj a perspektívy diplomová práca

Salvato in:
Dettagli Bibliografici
Autore principale: Sochorová, Diana
Ente Autore: Národohospodárska fakulta EU. Katedra sociálneho rozvoja a práce
Altri autori: Poláčková, Hana, 1968-
Natura: Libro
Lingua:slovacco
Pubblicazione: Bratislava 2024
Tags: Aggiungi Tag
Nessun Tag, puoi essere il primo ad aggiungerne!!

MARC

LEADER 00000nbm a2200000 4500
001 0300793
005 20241022092622.8
041 0 |a slo 
044 |a SK 
245 1 0 |a Sociálne bývanie na Slovensku – vývoj a perspektívy  |b diplomová práca  |c Diana Sochorová ; školiteľ: Hana Poláčková 
264 1 |a Bratislava  |c 2024 
300 |a 92 s. 
100 1 |a Sochorová, Diana 
700 1 |a Poláčková, Hana, 1968- 
710 2 |a Národohospodárska fakulta EU. Katedra sociálneho rozvoja a práce